| 000 | 01545nam0a2200373 4500 | ||
|---|---|---|---|
| 001 | RU\NLR\bibl\809173 | ||
| 005 | 20250614132253.0 | ||
| 010 |
_a5-88682-077-9 _95000 |
||
| 021 |
_aRU _b2005-6151 _9315 |
||
| 035 | _aRSL-KNO-002569621 | ||
| 035 | _a(NLR Aleph) 000798258 | ||
| 090 |
_a1164815 _c1164815 |
||
| 100 | _a20050216d2005 |||y0rusy50 ca | ||
| 101 | 0 |
_arus _ager |
|
| 102 | _aRU | ||
| 105 | _ay ||||||||| | ||
| 106 | _ar | ||
| 200 | 1 |
_aНемецко-русский словарь _e180000 слов и словосочетаний _fК. Блаттнер |
|
| 205 | _aСоврем. ред. | ||
| 210 |
_aМ. _cЮНВЕС _d2005 _eАрхангельск _gИПП Правда Севера |
||
| 215 |
_a712, [1] с. _d27 |
||
| 606 | 1 |
_aНемецкий язык _xСловари _xРусский язык _91696762 _3RU\NLR\auth\66754878 |
|
| 610 | 0 | _aФилологические науки. Художественная литература -- Языкознание -- Индоевропейские языки -- Германские языки -- Западногерманские языки -- Немецкий язык -- Лексикография -- Параллельные словари | |
| 686 |
_aШ143.24-48 _2rubbk |
||
| 686 | _aШ143.24-481 | ||
| 686 | _aШ141.12-482 | ||
| 700 | 1 |
_aБлаттнер _bК. _gКарл _4070 |
|
| 801 | 0 |
_aRU _bRuMoRKP _c20050216 _grcr |
|
| 801 | 1 |
_aRU _bRuMoRGB _c20050216 |
|
| 801 | 2 |
_aRU _bNLR _c20050614 _gPSBO |
|
| 942 | _cBOOK | ||
| 980 | _aNB | ||